1990s Nickelodeon - Statistics

General Stats
  • This quiz has been taken 49 times
  • The average score is 16 of 48
Answer Stats
Hint Answer % Correct
Helga G. Pataki's crush Arnold
73%
Who loves orange soda? Kel Mitchell
73%
How were Tommy and Angelica related? Cousins
71%
"You eeeediot" Ren Hoek
68%
How many movies involved the Rugrats? Three
68%
What were the original three Nicktoons? Rugrats
63%
What was the name of Angelica Pickles's favorite toy doll? Cynthia
59%
What type of animal is Rocko? Wallaby
59%
Doug
54%
What show had teams searching for ancient artifacts? Legends of the Hidden Temple
54%
What is the last name of Doug's crush Patti? Mayonnaise
54%
What was the name of Rocko's dog? Spunky
51%
What was the name of Doug's dog? Porkchop
49%
Wakko, Yakko, and Dot Animaniacs
46%
To prove their mousey worth, they'll overthrow the earth. Pinky and the Brain
44%
The Greaser Dogs were their enemies CatDog
41%
Daggett and Norbert were what? The Angry Beavers
41%
Who sang the theme song for Kenan and Kel? Coolio
39%
Marc Summers hosted what two shows? Double Dare
39%
Alex Mack always wore what type of clothing? Hats
39%
We are riders, on a mission... Rocket Power
39%
Vital Information for our everyday life was told by? Lori Beth Denberg
37%
What city did Aaahh!!! Real Monsters take place in? New York
37%
Prometheus and Bob was a short on what show? Kablam!
34%
The Ren and Stimpy Show
34%
What state did Hey Dude take place in? Arizona
32%
Michael Keaton movie made into a Nicktoon Beetlejuice
32%
What is the name of Clarissa's brother? Ferguson
32%
Who is always reciting ancient Hawaiian sayings? Tito
29%
What is Twister's real name from Rocket Power Maurice
24%
"Blargharg" / "Smashing" Nigel Thornberry
24%
What show had the Secret Slime Action? Figure It Out
22%
The headmaster in Aaahh!!! Real Monsters? The Gromble
20%
What Would You Do?
20%
Salute Your Shorts took place where? Camp Anawanna
17%
Who brings in the dancing lobsters? Judge Trudy
17%
Pierre Escargot
17%
Most reoccurring Kenan Thompson All That characters Superdude
15%
The first challenge of Legends of the Hidden Temple The Moat
12%
Jessica Alba got her start on this show The Secret World of Alex Mack
12%
What town did Rocket Power take place in? Ocean Shores
10%
Leader of the Midnight Society? Gary
7%
Ryan Reynolds got his start on this show Hillside/Fifteen
7%
Lester Oaks Construction Worker
7%
Who should have bought the turbo? Plankton
7%
POWER SURGE!!!!! Get The Picture
5%
Who hosted Kablam!? Henry
5%
June
5%
No matching quizzes found
Score Distribution
Percent of People with Each Score
Percentile by Number Answered
Your Score History
You have not taken this quiz